The facts on file encyclopedia of science, technology, and society / (Record no. 9641)

MARC details
000 -LEADER
fixed length control field 01399nac a22003611i 4500
003 - CONTROL NUMBER IDENTIFIER
control field EG-ScBUE
005 - DATE AND TIME OF LATEST TRANSACTION
control field 20250601091135.0
008 - FIXED-LENGTH DATA ELEMENTS--GENERAL INFORMATION
fixed length control field 101011t1999 nyuab f be 001 0 eng d
020 ## - INTERNATIONAL STANDARD BOOK NUMBER
International Standard Book Number 0816031231 (set : alk. paper)
020 ## - INTERNATIONAL STANDARD BOOK NUMBER
International Standard Book Number 0816034591 (volume 1 : alk. paper)
020 ## - INTERNATIONAL STANDARD BOOK NUMBER
International Standard Book Number 0816034605 (volume 2 : alk. paper)
020 ## - INTERNATIONAL STANDARD BOOK NUMBER
International Standard Book Number 0816034613 (volume 3 : alk. paper)
040 ## - CATALOGING SOURCE
Original cataloging agency EG-ScBUE
Language of cataloging eng
Description conventions rda
Transcribing agency EG-ScBUE
Modifying agency EG-ScBUE
082 04 - DEWEY DECIMAL CLASSIFICATION NUMBER
Classification number 503
Item number VOL
Edition number 22
100 1# - MAIN ENTRY--PERSONAL NAME
Personal name Volti, Rudi,
Relator term author.
9 (RLIN) 20285
245 14 - TITLE STATEMENT
Title The facts on file encyclopedia of science, technology, and society /
Statement of responsibility, etc Rudi Volti.
246 30 - VARYING FORM OF TITLE
Title proper/short title Encyclopedia of science, technology, and society
246 30 - VARYING FORM OF TITLE
Title proper/short title Science, technology, and society
264 #1 - PUBLICATION, DISTRIBUTION, ETC. (IMPRINT)
Place of publication, distribution, etc New York, NY :
Name of publisher, distributor, etc Facts on File, Inc.,
Date of publication, distribution, etc [1999]
264 #4 - PUBLICATION, DISTRIBUTION, ETC. (IMPRINT)
Date of publication, distribution, etc c1999
300 ## - PHYSICAL DESCRIPTION
Extent 3 volumes :
Other physical details illustrations, maps ;
Dimensions 29 cm
336 ## - CONTENT TYPE
Source rdacontent
Content type term text
Content type code txt
337 ## - MEDIA TYPE
Media type term unmediated
Source rdamedia
Media type code n
338 ## - CARRIER TYPE
Carrier type term volume
Carrier type code nc
Source rdacarrier
504 ## - BIBLIOGRAPHY, ETC. NOTE
Bibliography, etc Includes bibliographical references and index.<br/>
505 0# - FORMATTED CONTENTS NOTE
Formatted contents note Volume 1. A-D -- Volume 2. E-N -- Volume 3. O-Z.
650 #7 - SUBJECT ADDED ENTRY--TOPICAL TERM
Topical term or geographic name as entry element Science
Form subdivision Encyclopedias.
9 (RLIN) 20286
Source of heading or term BUEsh
650 #7 - SUBJECT ADDED ENTRY--TOPICAL TERM
Topical term or geographic name as entry element Technology
Form subdivision Encyclopedias.
9 (RLIN) 20287
Source of heading or term BUEsh
650 #7 - SUBJECT ADDED ENTRY--TOPICAL TERM
Topical term or geographic name as entry element Science
General subdivision Social aspects
Form subdivision Encyclopedias.
9 (RLIN) 20288
Source of heading or term BUEsh
650 #7 - SUBJECT ADDED ENTRY--TOPICAL TERM
Topical term or geographic name as entry element Technology
General subdivision Social aspects
Form subdivision Encyclopedias.
9 (RLIN) 20289
Source of heading or term BUEsh
655 ## - INDEX TERM--GENRE/FORM
Form subdivision Reading book
942 ## - ADDED ENTRY ELEMENTS (KOHA)
Koha item type Reference (NB)
Source of classification or shelving scheme Dewey Decimal Classification
Holdings
Withdrawn status Lost status Source of classification or shelving scheme Damaged status Not for loan Collection code Home library Current library Shelving location Date acquired Source of acquisition Total Checkouts Full call number Barcode Date last seen Koha item type Public note Price effective from
    Dewey Decimal Classification       Central Library Central Library Ground Floor 11/10/2010     503 VOL 000011421 15/07/2025 Reference (NB) Vol. 1  
    Dewey Decimal Classification       Central Library Central Library Ground Floor 11/10/2010     503 VOL 000011503 15/07/2025 Reference (NB) Vol. 2 11/10/2010
    Dewey Decimal Classification       Central Library Central Library Ground Floor 11/10/2010     503 VOL 000011500 15/07/2025 Reference (NB) Vol. 3 11/10/2010